France Regions by Picture - Statistics

General Stats
  • This quiz has been taken 20 times
  • The average score is 9 of 13
Answer Stats
Picture Answer % Correct
Provence-Alpes-Côte d'Azur
100%
Brittany
90%
Île-de-France
90%
Normandy
90%
Bourgogne-Franche-Comté
75%
Auvergne-Rhône-Alpes
70%
Grand-Est
70%
Centre-Val de Loire
60%
Nouvelle-Aquitaine
60%
Occitanie
60%
Pays de la Loire
60%
Corsica
50%
Hauts-de-France
45%
No matching quizzes found
Score Distribution
Percent of People with Each Score
Percentile by Number Answered
Your Score History
You have not taken this quiz